00498 2200193 4500001002100000005001500021035002000036245003200056100001800088250000600106300003500112856004500147260004600192082000800238084001400246020002200260600001000282990001200292INLIS00000000000196620250523104437 a0010-05250002581 a2.578.0 km /cAyu Nugraheni0 aAyu Nugraheni a1 a308 :bIlust ;c13,5 x 19,5 cm aRuang Baca Umum No Klas 800 ( Rak 3,4,5) aJakarta :bCahaya duabelas Semesta,c2021 a813 a813 AYU d a978-623-310-028-1 4aFiksi a0754552